| 000 | 01067nam a22002537a 4500 | ||
|---|---|---|---|
| 001 | BD-DhSAU 9172 | ||
| 003 | BD-DhSAU | ||
| 005 | 20181208124614.0 | ||
| 008 | 150612b2008 bg a||||r|||| 000 0 eng d | ||
| 040 | _aBD-DhSAU | ||
| 082 |
_222 _a630 _bSa178 |
||
| 100 |
_aSafina-E-Sanjida, Syeda _eRegistration No. # 00951 |
||
| 245 |
_aInfluence of fertilizer level and plant population on the performance of summer mungbean / _bMS thesis _cby Syeda Safina-E-Sanjida |
||
| 260 |
_aSher-e- Bangla Agricultural University : _bDepartment of Agronomy, _c2008. |
||
| 300 |
_axvii, 100 p. : _bill. , _c30 cm. |
||
| 500 | _aMS thesis of Department of Horticulture and Postharvest Technology, Faculty of Agriculture, Sher-e-Bangla Agricultural University, Dhaka, Bangladesh | ||
| 590 | _ajoy | ||
| 650 | _aAgronomy. | ||
| 650 | _aSummer mungbean | ||
| 700 |
_aAmin, A. K. M. Ruhul _eSupervisor |
||
| 700 |
_aBiswas, Parimal Kanti _eCo-Supervisor |
||
| 856 | _uhttp://archive.saulibrary.edu.bd:8080/xmlui/handle/123456789/1432 | ||
| 942 |
_2ddc _cTHESIS |
||
| 999 |
_c9172 _d9172 |
||